000 00647nam a2200205 a 4500
005 20140310183504.0
008 100809s19uu xx 00 eng d
020 _a9781593858346
050 _aRC 569.5.B67
_b.P366 2008
100 _aParis, Joel
245 _aTreatment of borderline personality disorder :
_ba guide to evidence-based practice. /
_cJoel Paris.
260 _aNew York :
_bThe Guilford Press.,
_c2008.
300 _a260 p. :
_c23 cm.
521 _aPSYCH
650 _aBorderline personality disorder.
650 _aEvidence-based psychiatry.
650 _aPsychotherapy
_xmethods.
942 _cBK
_2lcc
_kFOR
999 _c24013
_d24013